01365nab a22002177a 4500999001500000003000400015005001700019008004100036040000700077100003100084245018200115300001300297500003800310505050700348505007200855650002800927650003500955650003600990773010801026942001301134 c6254d6254OSt20260128020707.0190514b xxu||||| |||| 00| 0 spa d cPJ 96965aGilardoni, Victoria 10aDerechos sexuales y reproductivos de las personas con capacidad restringida y discapacidad. La ley 26.130 en el Código Civil y Comercial de la Nación /cVictoria Gilardoni.  ap. 12-18 aCita: TR LALEY AR/DOC/2508/2025.  aSumario: I. Introducción. Objetivos.— II. Régimen para las intervenciones de contracepción quirúrgica. Ley 27.655, modificatoria de la 26.130.— III. Convención de los Derechos de las Personas con Discapacidad y la ley 26.657 de "Derecho a la Protección de la Salud Mental".— IV. El consentimiento informado en el Cód. Civ. y Com. Integración con la ley 26.130 y su modificación del año 2021, 27.655.— V. Consagración de la dignidad de la persona humana. Palabras finales.  tSi te interesa el texto, comunicate a koha@justierradelfuego.gov.ar 09967aDERECHO DE FAMILIA 091497aCODIGO CIVIL Y COMERCIAL 093271aPERSONAS CON DISCAPACIDAD0 0284493222dBuenos Aires : AbeledoPerrot, 1989-tDerecho de familia. N° 122 - Noviembre 2025z18511201 2udccANA